000 00395nam a2200157Ia 4500
003 Ost
005 20260225132554.0
008 260225s9999||||xx |||||||||||||| ||und||
040 _cfsic
041 _afre
082 _a440
100 _aBarthélémy Fabrice
_eAuteur
245 0 _aJournalistes, enseignants :
245 0 _bconcurrence ou interaction /
_cBarthélémy Fabrice
942 _cكتاب
999 _c34357
_d34357